|
|
|
|
| LEADER |
00845nam a22002652a 4500 |
| 001 |
001656059 |
| 003 |
CZ BrMZK |
| 005 |
20181114155037.0 |
| 007 |
ta |
| 008 |
181114s1970 xr a er|||||||||||cze d |
| 015 |
|
|
|a cnb000429395
|
| 035 |
|
|
|a (OCoLC)85229773
|
| 040 |
|
|
|a ABA001
|b cze
|c ABA001
|d ABA001
|d BOA001
|
| 080 |
9 |
|
|a 885-93-193
|
| 100 |
1 |
|
|a Moravcová, Jana,
|d 1937-2018
|7 jk01082033
|4 aut
|
| 245 |
1 |
0 |
|a Veselý rok /
|c Verše: Jana Moravcová ; [Barev.] il. Josef Vodrážka
|
| 250 |
|
|
|a 1. vyd.
|
| 260 |
|
|
|a Praha :
|b Lidové nakladatelství,
|c 1970
|
| 300 |
|
|
|a [13] s. ;
|c příč. 4°
|
| 500 |
|
|
|a 20000 výt.
|
| 700 |
1 |
|
|a Vodrážka, Josef,
|d 1900-
|7 xx0049301
|4 ill
|
| 910 |
|
|
|a BOA001
|b 5-0655.573
|
| 990 |
|
|
|a BK
|
| 991 |
|
|
|b 201811
|
| 996 |
6 |
|
|b 2618949009
|c 5-0655.573
|l MZK
|r DEP / do 15 dnů
|n 1
|w 001694991
|u 000010
|a 240
|e BOA001
|j MZK50
|s P
|